000 00676nam a22002417a 4500
003 URS
005 20250828100517.0
008 250319b ||||| |||| 00| 0 eng d
020 _a978119521846
040 _cURS
050 _aLB1062
_b.A36 2019
100 _911411
_aPooja, Agarwal K.
245 _aPowerful Teaching
_bUnleash the Science of Learning
264 _aSan Francisco
_bJossey-Bass
_c©2019
300 _a340 pages.,:
336 _2rdacontent
_atext
337 _2rdamedia
_aunmediated
338 _2rdacarrier
_avolume
650 0 _92092
_aCognitive learning
650 0 _911412
_aEffective Learning
700 _911413
_aBain, Patrice M.
942 _2lcc
_cR
999 _c85115
_d85113